000 01044nam a2200253Ia 4500
001 232.914-CAP lo pe (8724)
003 IT-MiSPE
008 171229s9999||||xx |||||||||||||| ||und||
040 _aIT-MiSPE
_cIT-MiSPE
041 _aITALIANO
100 _aLoris Francesco Capovilla
245 0 _aPellegrini a Loreto
250 _a1a ed. (v)
260 _aCinisello B.mo
_bEd. Paoline
_c1992
300 _a87 p.
_c21 cm
490 _aPellegrini
_v4
500 _aLoreto
501 _aEdizioni San Paolo srl - Piazza Soncino, 5 - 20092 CINISELLO BALSAMO (MI) (non commercial uses only) ® Copyright 2018
700 _aFloriano Grimaldi
700 _aValerio Volpini
942 _cBK
957 _71
999 _a9278
_bNO
_g Copie: 1
_c340474
_d340474